000 00929nam a22003017a 4500
001 BR9000701
003 BR-BrBNA
005 20230928093354.0
007 ta
008 230509b bl.||||| |||| 00| 0 por d
040 _aBR-BrBNA
_bpor
_cBiblioteca Nacional de Agricultura
041 _a(Por)
072 _aF04
_b0180
_b3840
090 _ 0180 BR9000701
100 1 _aYamada, T.
110 1 _aEscola Superior de Agricultura Luiz de Queiroz, Piracicaba, SP (Brasil)
_0Tese (Doutor)
245 1 _aCapacidade de adsorcao maxima de sulfato do solo como parametro adicional na recomendacao de gesso
260 3 _aPiracicaba, SP (Brasil):
_c1988.
300 _a73 p.
500 _a15 graphs; 15 tables; Summaries (Eng, Por); Bibliography p. 64-73 (92 ref.)
650 _aTRIGO
650 _aSOLO
650 _aSULFATO
650 _aGESSO
650 _aADSORCAO
909 _a202309
_bLucia
_c55
_dLucia Elande
942 _cBK
999 _c44604
_d44604